Southville International School and Colleges
Your cart is empty.
  • Cart
  • Lists
    Public lists Eva Luna New books Lux_list list_1
    Your lists Log in to create your own lists
  • Log in to your account
  • Your cookies
  • Search history
Southville International School and Colleges
  • Advanced search
  • Recent comments
  • Most popular
  • Libraries

Log in to your account

Log in with GOOGLE


If you do not have an external account, but do have a local account, you can still log in:

  1. Home
  2. MARC view: The black arrow
Normal view MARC view ISBD view

The black arrow (Record no. 7507)

[ view plain ]
MARC details
000 -LEADER
fixed length control field 00575nam a22002177a 4500
003 - CONTROL NUMBER IDENTIFIER
control field OSt
005 - DATE AND TIME OF LATEST TRANSACTION
control field 20140310181934.0
008 - FIXED-LENGTH DATA ELEMENTS--GENERAL INFORMATION
fixed length control field 130723t xxu||||| |||| 00| 0 eng d
020 ## - INTERNATIONAL STANDARD BOOK NUMBER
International Standard Book Number 1853261610
050 ## - LIBRARY OF CONGRESS CALL NUMBER
Classification number PR 5484.B3
Item number .St847 1995
082 ## - DEWEY DECIMAL CLASSIFICATION NUMBER
Classification number CLA St4b
Item number 1995
100 ## - MAIN ENTRY--PERSONAL NAME
Personal name Stevenson, Robert Louis
9 (RLIN) 1663
245 ## - TITLE STATEMENT
Title The black arrow
Statement of responsibility, etc Stevenson, Robert Louis
260 ## - PUBLICATION, DISTRIBUTION, ETC. (IMPRINT)
Place of publication, distribution, etc Denmark :
Name of publisher, distributor, etc Wordsworth Editions Ltd,
Date of publication, distribution, etc c1995.
300 ## - PHYSICAL DESCRIPTION
Extent 271 p.
Dimensions 17 cm.
541 ## - IMMEDIATE SOURCE OF ACQUISITION NOTE
-- 1
541 ## - IMMEDIATE SOURCE OF ACQUISITION NOTE
-- 2
562 ## - COPY AND VERSION IDENTIFICATION NOTE
Number of copies 2
650 ## - SUBJECT ADDED ENTRY--TOPICAL TERM
Topical term or geographic name as entry element Classics
9 (RLIN) 2808
942 ## - ADDED ENTRY ELEMENTS (KOHA)
Source of classification or shelving scheme Library of Congress Classification
Koha item type
Call number prefix
Holdings
Withdrawn status Lost status Source of classification or shelving scheme Damaged status Home library Current library Shelving location Date acquired Total Checkouts Full call number Barcode Date last seen Date checked out Copy number Price effective from Koha item type
    Library of Congress Classification   Luxembourg Library Luxembourg Library Classic Section 07/23/2013 1 PR 5484.B3 .St847 1995 9772 09/11/2015 01/13/2015 1 07/23/2013 Books
    Library of Congress Classification   Luxembourg Library Luxembourg Library Classic Section 07/23/2013   PR 5484.B3 .St847 1995 7460 08/13/2013   2 07/23/2013 Books

The black arrow

APA

Stevenson R. L., . (1995). The black arrow. Denmark: Wordsworth Editions Ltd.

Chicago

Stevenson Robert Louis, . 1995. The black arrow. Denmark: Wordsworth Editions Ltd.

Harvard

Stevenson R. L., . (1995). The black arrow. Denmark: Wordsworth Editions Ltd.

MLA

Stevenson Robert Louis, . The black arrow. Denmark: Wordsworth Editions Ltd. 1995.

  • Place hold
  • Print
  • Cite
  • Add to your cart (remove)
  • Save record
    BIBTEX Dublin Core MARCXML MARC (non-Unicode/MARC-8) MARC (Unicode/UTF-8) MARC (Unicode/UTF-8, Standard) MODS (XML) RIS
  • More searches
    Search for this title in:
    Other Libraries (WorldCat) Other Databases (Google Scholar) Online Stores (Bookfinder.com) Open Library (openlibrary.org)

Exporting to Dublin Core...

SOUTHVILLE LIBRARY

Southville International School and Colleges Library

1281 Tropical Ave. Cor. Luxembourg St., BF Homes International, Las Pinas City

Tel. No. 8256374 / 252358 Loc. 117/146

Powered by Koha